000 00765nam a2200217 a 4500
001 000006365
005 20250408123231.0
008 090828s2003 dr 001 0 spa d
020 _a9993482307
040 _aDO-SdBNP
082 _a411
_bC112m
100 1 _aCabanes, Santiago,
_d1931-
_917711
245 1 0 _aManual de ortografía /
_cSantiago Cabanes ; prólogo Manuel Núñez.
260 _aSanto Domingo, :
_bLetra Gráfica,
_c2003.
300 _a170 p. ;
_c22 cm.
500 _aIncluye datos biográficos del autor en la solapa y en la solapa de la contracubierta e índice analítico
504 _aIncluye bibliografías (p. 169-170)
650 4 _aEspañol
_xOrtografía
_xManuales
_917712
700 1 _aNúñez, Manuel,
_d1957-
_epról.
_92366
049 _aBNPD
999 _c6160
_d6160